[Event "Regionalliga Sued-Ost 1819"]
[Site "Bayern"]
[Date "2019.02.24"]
[Round "7.5"]
[White "Von Freymann, Franz"]
[Black "Graf, Christian"]
[Result "0-1"]
[WhiteElo "1831"]
[BlackElo "2044"]
[PlyCount "52"]
[EventDate "2018.10.21"]
[EventType "team-tourn"]
[EventRounds "9"]
[EventCountry "GER"]
[SourceTitle "EXT 2022"]
[Source "ChessBase"]
[SourceDate "2021.10.06"]
[SourceVersion "1"]
[SourceVersionDate "2021.10.06"]
[SourceQuality "1"]
[WhiteTeam "Tegernsee TV"]
[BlackTeam "Ebersberg Grafing"]
[WhiteTeamCountry "GER"]
[BlackTeamCountry "GER"]

1. d4 Nf6 2. c4 e6 3. Nc3 d5 4. Bg5 Be7 5. Nf3 h6 6. Bh4 0-0 7. e3 Ne4 8. Nxe4 dxe4 9. Bxe7 Qxe7 10. Nd2 f5 11. Be2 e5 12. d5 Nd7 13. 0-0 Nf6 14. Nb1 Kh8 15. Nc3 f4 16. f3 exf3 17. Rxf3 Bg4 18. Rf1 Bxe2 19. Qxe2 Qc5 20. Rae1 fxe3 21. Qxe3 Qxc4 22. Qxe5 Ng4 23. Rxf8+ Rxf8 24. Qe2 Qd4+ 25. Kh1 Nf2+ 26. Kg1 Nd3+ 0-1

[Event "Regionalliga Sued-Ost 1819"]
[Site "Bayern"]
[Date "2018.11.11"]
[Round "2.3"]
[White "Kieffer, Joachim"]
[Black "Graf, Christian"]
[Result "1/2-1/2"]
[WhiteElo "2065"]
[BlackElo "2044"]
[PlyCount "34"]
[EventDate "2018.10.21"]
[EventType "team-tourn"]
[EventRounds "9"]
[EventCountry "GER"]
[SourceTitle "EXT 2022"]
[Source "ChessBase"]
[SourceDate "2021.10.06"]
[SourceVersion "1"]
[SourceVersionDate "2021.10.06"]
[SourceQuality "1"]
[WhiteTeam "Bruckmühl SK"]
[BlackTeam "Ebersberg Grafing"]
[WhiteTeamCountry "GER"]
[BlackTeamCountry "GER"]

1. d4 d5 2. c4 c6 3. e3 Nf6 4. Nc3 e6 5. Nf3 Nbd7 6. Qc2 Bd6 7. Be2 0-0 8. 0-0 b6 9. e4 dxe4 10. Nxe4 Be7 11. Bf4 Nh5 12. Neg5 g6 13. Be3 Nhf6 14. Rad1 Qc7 15. Rfe1 Re8 16. Bd3 Bf8 17. h3 Bb7 1/2-1/2

[Event "Regionalliga Sued-Ost 1819"]
[Site "Bayern"]
[Date "2018.10.21"]
[Round "1.2"]
[White "Schmidt, Anton"]
[Black "Graf, Christian"]
[Result "1/2-1/2"]
[WhiteElo "2029"]
[BlackElo "2044"]
[PlyCount "91"]
[EventDate "2018.10.21"]
[EventType "team-tourn"]
[EventRounds "9"]
[EventCountry "GER"]
[SourceTitle "EXT 2022"]
[Source "ChessBase"]
[SourceDate "2021.10.06"]
[SourceVersion "1"]
[SourceVersionDate "2021.10.06"]
[SourceQuality "1"]
[WhiteTeam "Groebenzell II"]
[BlackTeam "Ebersberg Grafing"]
[WhiteTeamCountry "GER"]
[BlackTeamCountry "GER"]

1. c4 c6 2. g3 d5 3. Nf3 Nf6 4. Bg2 Bg4 5. Ne5 Bh5 6. cxd5 cxd5 7. Qa4+ Nbd7 8. Nc3 e6 9. g4 Bg6 10. h4 Bd6 11. d4 h6 12. Nxg6 fxg6 13. Qc2 Kf7 14. g5 hxg5 15. Bxg5 Be7 16. 0-0-0 Rc8 17. Kb1 b5 18. Qd3 b4 19. Na4 Qa5 20. b3 Nb6 21. Nb2 Rc3 22. Qd2 Rhc8 23. Rc1 Nbd7 24. Na4 R3c7 25. Rxc7 Qxc7 26. f3 Nb6 27. Nb2 a5 28. Nd3 Nbd7 29. Rc1 Qb8 30. Rxc8 Qxc8 31. e4 Qc7 32. Qc1 Qxc1+ 33. Kxc1 dxe4 34. fxe4 Ng4 35. Bh3 Ngf6 36. Bg2 Ng4 37. Kd2 Bf6 38. Bh3 Nh6 39. Ke3 Ke7 40. Nf4 Nf8 41. Kd3 Bxg5 42. hxg5 Nf7 43. Kc4 Nd6+ 44. Kd3 Nf7 45. Kc4 Nd6+ 46. Kd3 1/2-1/2

[Event "Oberbayern-ch"]
[Site "Groebenzell"]
[Date "2018.05.12"]
[Round "5.8"]
[White "Soergel, Thomas"]
[Black "Graf, Christian"]
[Result "1/2-1/2"]
[WhiteElo "1985"]
[BlackElo "2014"]
[PlyCount "56"]
[EventDate "2018.05.10"]
[EventType "swiss"]
[EventRounds "7"]
[EventCountry "GER"]
[SourceTitle "EXT 2022"]
[Source "ChessBase"]
[SourceDate "2021.10.06"]
[SourceVersion "1"]
[SourceVersionDate "2021.10.06"]
[SourceQuality "1"]

1. c4 c6 2. d4 d5 3. Bf4 Nf6 4. e3 g6 5. Nc3 Bg7 6. Nf3 Nbd7 7. h3 0-0 8. cxd5 Nxd5 9. Nxd5 cxd5 10. Bd3 Qb6 11. Qe2 f6 12. e4 e5 13. dxe5 fxe5 14. Be3 d4 15. Bd2 Nc5 16. Bc4+ Kh8 17. b4 Ne6 18. 0-0 Nf4 19. Bxf4 Rxf4 20. Rab1 Bd7 21. g3 Rff8 22. Kg2 Rac8 23. Rfc1 Qf6 24. Bd5 Bb5 25. Qd1 Ba4 26. Qe2 Bb5 27. Qd1 Ba4 28. Qe2 Bb5 1/2-1/2

[Event "Oberbayern-ch"]
[Site "Groebenzell"]
[Date "2018.05.10"]
[Round "2.9"]
[White "Graf, Christian"]
[Black "Mooser, Nicolas"]
[Result "1/2-1/2"]
[WhiteElo "2014"]
[BlackElo "1896"]
[PlyCount "46"]
[EventDate "2018.05.10"]
[EventType "swiss"]
[EventRounds "7"]
[EventCountry "GER"]
[SourceTitle "EXT 2022"]
[Source "ChessBase"]
[SourceDate "2021.10.06"]
[SourceVersion "1"]
[SourceVersionDate "2021.10.06"]
[SourceQuality "1"]

1. e4 c5 2. Nf3 e6 3. b3 Nc6 4. Bb2 a6 5. Be2 Nf6 6. e5 Nd5 7. 0-0 Be7 8. Re1 0-0 9. Nc3 Nf4 10. Bf1 b5 11. a4 b4 12. Ne4 Qc7 13. d3 Ng6 14. Ned2 Bb7 15. g3 d5 16. exd6 Bxd6 17. Nc4 e5 18. Bg2 f6 19. Nfd2 Rad8 20. Qh5 Nd4 21. Bxd4 cxd4 22. Qf5 Bxg2 23. Kxg2 Rfe8 1/2-1/2

[Event "Regionalliga Sued-Ost 1718"]
[Site "Bayern"]
[Date "2018.01.21"]
[Round "5.6"]
[White "Graf, Christian"]
[Black "Mueller, Michael"]
[Result "1/2-1/2"]
[WhiteElo "2014"]
[BlackElo "2056"]
[PlyCount "61"]
[EventDate "2017.10.22"]
[EventType "team-tourn"]
[EventRounds "9"]
[EventCountry "GER"]
[SourceTitle "EXT 2022"]
[Source "ChessBase"]
[SourceDate "2021.10.06"]
[SourceVersion "1"]
[SourceVersionDate "2021.10.06"]
[SourceQuality "1"]
[WhiteTeam "Ebersberg Grafing"]
[BlackTeam "Bayerwald Regen/Zwiesel"]
[WhiteTeamCountry "GER"]
[BlackTeamCountry "GER"]

1. e4 d6 2. d4 e5 3. Nf3 exd4 4. Nxd4 Nf6 5. Nc3 Be7 6. Bc4 0-0 7. 0-0 a6 8. a4 Nxe4 9. Nxe4 d5 10. Bd3 dxe4 11. Bxe4 Bf6 12. c3 Re8 13. Qc2 g6 14. Be3 Qe7 15. Bd5 c6 16. Bc4 Nd7 17. Nf3 Ne5 18. Nxe5 Bxe5 19. Qb3 b5 20. axb5 cxb5 21. Bd5 Be6 22. Bxe6 Qxe6 23. Qxe6 Rxe6 24. Rfd1 Rb8 25. Rd5 b4 26. Rxe5 Rxe5 27. Bf4 Rbe8 28. Bxe5 Rxe5 29. cxb4 Re2 30. g3 Rxb2 31. Rxa6 1/2-1/2

[Event "Oberbayern-ch"]
[Site "Hochstaett am Inn"]
[Date "2017.05.28"]
[Round "4.5"]
[White "Graf, Christian"]
[Black "Steinheimer, Juergen"]
[Result "0-1"]
[WhiteElo "1981"]
[BlackElo "2059"]
[PlyCount "114"]
[EventDate "2017.05.28"]
[EventType "swiss"]
[EventRounds "7"]
[EventCountry "GER"]
[SourceTitle "EXT 2022"]
[Source "ChessBase"]
[SourceDate "2021.10.06"]
[SourceVersion "1"]
[SourceVersionDate "2021.10.06"]
[SourceQuality "1"]

1. e4 e6 2. d4 d5 3. Nc3 Nf6 4. e5 Nfd7 5. f4 c5 6. Nf3 Nc6 7. Be3 a6 8. g3 b5 9. Bh3 g6 10. 0-0 b4 11. Ne2 a5 12. c3 Ba6 13. Rf2 Nb6 14. b3 c4 15. Nd2 Be7 16. bxc4 Bxc4 17. Nxc4 Nxc4 18. Rf3 0-0 19. Bf2 Qb6 20. Kh1 Rfb8 21. Rb1 Na3 22. Rb2 Nc4 23. Rb1 Na3 24. Rb2 Qc7 25. Bf1 Nc4 26. Rb1 Na3 27. Rb2 Nc4 28. Rb1 Rb6 29. Nc1 Na3 30. Rb2 bxc3 31. Rxb6 c2 32. Qd2 Qxb6 33. Rb3 Qc7 34. Nd3 a4 35. Rxa3 Bxa3 36. Qxc2 Qb6 37. Nc5 Qb2 38. Qxb2 Bxb2 39. Bb5 Nxd4 40. Bxa4 Ra5 41. Nd3 Bc3 42. Bxd4 Rxa4 43. Bxc3 Ra3 44. Bb4 Rxd3 45. a3 Kg7 46. Kg2 f6 47. Kf2 Kf7 48. Ke2 Rb3 49. exf6 Kxf6 50. Kd2 Rb2+ 51. Kc3 Rxh2 52. a4 Rg2 53. a5 Rxg3+ 54. Kb2 g5 55. a6 gxf4 56. Bd6 Rg8 57. a7 Ra8 0-1

[Event "Oberbayern-ch"]
[Site "Hochstaett am Inn"]
[Date "2017.05.28"]
[Round "7.4"]
[White "Jocher, Georg"]
[Black "Graf, Christian"]
[Result "1/2-1/2"]
[WhiteElo "2075"]
[BlackElo "1981"]
[PlyCount "37"]
[EventDate "2017.05.28"]
[EventType "swiss"]
[EventRounds "7"]
[EventCountry "GER"]
[SourceTitle "EXT 2022"]
[Source "ChessBase"]
[SourceDate "2021.10.06"]
[SourceVersion "1"]
[SourceVersionDate "2021.10.06"]
[SourceQuality "1"]

1. b3 e5 2. Bb2 Nc6 3. e3 d6 4. Bb5 Bd7 5. Nf3 Nf6 6. 0-0 Be7 7. d4 exd4 8. Nxd4 Nxd4 9. Bxd7+ Qxd7 10. Bxd4 0-0 11. Qf3 d5 12. Nd2 Qg4 13. Qxg4 Nxg4 14. Nf3 Bf6 15. Rad1 Bxd4 16. Nxd4 c6 17. Rd3 g6 18. f3 Nf6 19. Rfd1 1/2-1/2

[Event "Oberbayern Bezirksliga 1617"]
[Site "Germany"]
[Date "2017.01.15"]
[Round "4.5"]
[White "Schwenck, Mathias"]
[Black "Graf, Christian"]
[Result "1/2-1/2"]
[WhiteElo "1922"]
[BlackElo "1982"]
[PlyCount "102"]
[EventDate "2016.10.16"]
[EventType "team-tourn"]
[EventRounds "9"]
[EventCountry "GER"]
[SourceTitle "EXT 2019"]
[Source "ChessBase"]
[SourceDate "2018.10.10"]
[SourceVersion "1"]
[SourceVersionDate "2018.10.10"]
[SourceQuality "1"]
[WhiteTeam "Moosburg SC"]
[BlackTeam "Ebersberg Grafing"]
[WhiteTeamCountry "GER"]
[BlackTeamCountry "GER"]

1. d4 d5 2. c4 c6 3. cxd5 cxd5 4. Nc3 Nf6 5. Nf3 Nc6 6. Bf4 a6 7. e3 Bg4 8. Be2 e6 9. Ne5 Bxe2 10. Qxe2 Be7 11. 0-0 0-0 12. Rfc1 Rc8 13. Na4 Nxe5 14. Rxc8 Qxc8 15. Bxe5 Nd7 16. Qd1 Nxe5 17. dxe5 Qc7 18. Qd4 Rc8 19. Rd1 Qc4 20. Nc3 Qxd4 21. Rxd4 f6 22. exf6 Bxf6 23. Rd3 b5 24. a3 Rc4 25. Kf1 Kf7 26. Ke2 Rg4 27. g3 Rc4 28. Kd2 g6 29. b3 Rc7 30. f4 Be7 31. b4 Bf6 32. e4 Bxc3+ 33. Rxc3 Rc4 34. exd5 exd5 35. Re3 Rd4+ 36. Kc3 Rc4+ 37. Kd3 d4 38. Re5 Rc3+ 39. Kxd4 Rxa3 40. Kc5 Rc3+ 41. Kb6 Rc4 42. Ka5 h5 43. Rd5 Rc6 44. Rd7+ Ke6 45. Ra7 Kf5 46. Rxa6 Rc2 47. Kxb5 Rxh2 48. Kc4 h4 49. Ra5+ Kf6 50. gxh4 Rxh4 51. Ra3 Rxf4+ 1/2-1/2

[Event "Oberbayern Bezirksliga 1617"]
[Site "Germany"]
[Date "2016.10.16"]
[Round "1.6"]
[White "Kranewitter, Norbert"]
[Black "Graf, Christian"]
[Result "1/2-1/2"]
[WhiteElo "1977"]
[BlackElo "1982"]
[PlyCount "25"]
[EventDate "2016.10.16"]
[EventType "team-tourn"]
[EventRounds "9"]
[EventCountry "GER"]
[SourceTitle "EXT 2019"]
[Source "ChessBase"]
[SourceDate "2018.10.10"]
[SourceVersion "1"]
[SourceVersionDate "2018.10.10"]
[SourceQuality "1"]
[WhiteTeam "Pang/Rosenheim"]
[BlackTeam "Ebersberg Grafing"]
[WhiteTeamCountry "GER"]
[BlackTeamCountry "GER"]

1. e4 c6 2. d4 d5 3. exd5 cxd5 4. c4 Nf6 5. Nc3 e6 6. Bg5 Bb4 7. Rc1 Nbd7 8. Nf3 Qa5 9. Qb3 Ne4 10. Bf4 0-0 11. Bd3 dxc4 12. Bxc4 Bd6 13. Bxd6 1/2-1/2

[Event "Bayern-ch"]
[Site "Rosenheim"]
[Date "2015.08.23"]
[Round "2"]
[White "Graf, Christian"]
[Black "Prediger, Rupert"]
[Result "1/2-1/2"]
[WhiteElo "2133"]
[BlackElo "2279"]
[PlyCount "107"]
[EventDate "2015.08.22"]
[EventType "swiss"]
[EventRounds "9"]
[EventCountry "GER"]
[SourceTitle "EXT 2019"]
[Source "ChessBase"]
[SourceDate "2018.10.10"]
[SourceVersion "1"]
[SourceVersionDate "2018.10.10"]
[SourceQuality "1"]

1. e4 c5 2. Nf3 d6 3. Bb5+ Bd7 4. Bxd7+ Nxd7 5. 0-0 Ngf6 6. Qe2 Rc8 7. c3 e6 8. d4 cxd4 9. cxd4 Nb6 10. Bg5 Be7 11. Nc3 0-0 12. Qb5 h6 13. Bxf6 Bxf6 14. a4 a6 15. Qb3 Qc7 16. Rac1 Nc4 17. h3 Qa5 18. Rc2 Rc7 19. Rfc1 Rfc8 20. Na2 b5 21. axb5 axb5 22. Nc3 Nb6 23. Ne2 Rxc2 24. Rxc2 Rxc2 25. Qxc2 b4 26. g3 Qb5 27. b3 g5 28. Kg2 Kg7 29. Nc1 h5 30. g4 hxg4 31. hxg4 Qd7 32. Kg3 Qb7 33. Qe2 Nc8 34. Qe3 Na7 35. Nxg5 Nb5 36. Nf3 Nc3 37. e5 dxe5 38. dxe5 Be7 39. Nd3 Qd5 40. Nf4 Qxb3 41. Nh5+ Kf8 42. Nf6 Bxf6 43. exf6 Qd5 44. g5 Ne4+ 45. Kg2 Kg8 46. Qf4 e5 47. Qxe5 Qxe5 48. Nxe5 Nxg5 49. Kf1 Ne4 50. Ke2 Nxf6 51. Kd3 Nd5 52. Kc4 Nf4 53. Nxf7 Kxf7 54. Kxb4 1/2-1/2

[Event "Bayern-ch"]
[Site "Rosenheim"]
[Date "2014.08.27"]
[Round "7"]
[White "Hoeller, Armin"]
[Black "Graf, Christian"]
[Result "0-1"]
[WhiteElo "2035"]
[BlackElo "2158"]
[PlyCount "66"]
[EventDate "2014.08.23"]
[EventType "swiss"]
[EventRounds "9"]
[EventCountry "GER"]
[SourceTitle "EXT 2015"]
[Source "ChessBase"]
[SourceDate "2014.11.20"]
[SourceVersion "1"]
[SourceVersionDate "2014.11.20"]
[SourceQuality "1"]

1. Nf3 d5 2. b3 Bg4 3. Bb2 Nd7 4. d4 e6 5. e3 Ngf6 6. h3 Bh5 7. g4 Bg6 8. Nh4 Bb4+ 9. Ke2 Ne4 10. Nxg6 fxg6 11. Bg2 0-0 12. Bxe4 dxe4 13. c3 Qf6 14. Qg1 Be7 15. Nd2 Rad8 16. Qg2 e5 17. Nxe4 Qa6+ 18. c4 b5 19. Nd2 Nb6 20. Rhc1 Bh4 21. f3 bxc4 22. Nxc4 exd4 23. Bxd4 Rxd4 24. exd4 Nd5 25. Qh1 c5 26. dxc5 Qe6+ 27. Kf1 Ne3+ 28. Kg1 Nxc4 29. Rc3 Bf6 30. Rxc4 Qe3+ 31. Kh2 Be5+ 32. f4 Bxf4+ 33. Kg2 Qe2+ 0-1

[Event "Bayern-ch"]
[Site "Rosenheim"]
[Date "2014.08.24"]
[Round "3"]
[White "Grawe, Christian"]
[Black "Graf, Christian"]
[Result "1-0"]
[WhiteElo "2214"]
[BlackElo "2158"]
[PlyCount "123"]
[EventDate "2014.08.23"]
[EventType "swiss"]
[EventRounds "9"]
[EventCountry "GER"]
[SourceTitle "EXT 2015"]
[Source "ChessBase"]
[SourceDate "2014.11.20"]
[SourceVersion "1"]
[SourceVersionDate "2014.11.20"]
[SourceQuality "1"]

1. e4 c6 2. d4 d5 3. Nd2 dxe4 4. Nxe4 Bf5 5. Ng3 Bg6 6. h4 h6 7. Nf3 Nd7 8. h5 Bh7 9. Bd3 Bxd3 10. Qxd3 Ngf6 11. Bd2 e6 12. 0-0-0 Qc7 13. Ne4 0-0-0 14. g3 Nc5 15. Nxc5 Bxc5 16. c4 Bd6 17. Bc3 Rhe8 18. Qe2 c5 19. Kb1 cxd4 20. Nxd4 a6 21. a3 Bc5 22. Nb3 Rxd1+ 23. Rxd1 Be7 24. g4 Rd8 25. Rxd8+ Qxd8 26. f3 Qb6 27. Ka2 Ne8 28. f4 Bf6 29. Be5 Bxe5 30. fxe5 f6 31. exf6 Nxf6 32. Qe5 Kd7 33. g5 hxg5 34. h6 gxh6 35. Qxf6 Qe3 36. Qxh6 b6 37. Qg7+ Kd6 38. Nd4 Qf4 39. b3 Qd2+ 40. Kb1 Qd1+ 41. Kb2 Qd2+ 42. Nc2 Qf4 43. Qb7 Qf6+ 44. Ka2 Qf2 45. Qe4 g4 46. Kb1 g3 47. Qd4+ Qxd4 48. Nxd4 Ke5 49. Ne2 g2 50. Kc2 Ke4 51. Kd2 a5 52. Ng1 e5 53. Ne2 a4 54. bxa4 g1Q 55. Nxg1 Kd4 56. Kc2 Kxc4 57. Ne2 e4 58. Nc3 Kd4 59. Kb3 e3 60. Kb4 Ke5 61. Kc4 Kd6 62. Kd4 1-0

[Event "Regionalliga SO 1314"]
[Site "Bayern"]
[Date "2013.11.24"]
[Round "3.4"]
[White "Schmaus, Horst"]
[Black "Graf, Christian"]
[Result "1/2-1/2"]
[WhiteElo "2036"]
[BlackElo "2069"]
[PlyCount "51"]
[EventDate "2013.10.13"]
[EventType "team-tourn"]
[EventRounds "9"]
[EventCountry "GER"]
[SourceTitle "EXT 2015"]
[Source "ChessBase"]
[SourceDate "2014.11.20"]
[SourceVersion "1"]
[SourceVersionDate "2014.11.20"]
[SourceQuality "1"]
[WhiteTeam "Landshut"]
[BlackTeam "Ebersberg Grafing"]
[WhiteTeamCountry "GER"]
[BlackTeamCountry "GER"]

1. e4 c6 2. d4 d5 3. exd5 cxd5 4. c4 Nf6 5. Nc3 e6 6. c5 Be7 7. Nf3 0-0 8. Qc2 b6 9. b4 a5 10. Na4 Nbd7 11. b5 bxc5 12. dxc5 Ne4 13. Be3 f5 14. Bd3 e5 15. c6 Bb4+ 16. Kf1 f4 17. cxd7 fxe3 18. Bxe4 Qxd7 19. Bxh7+ Kh8 20. Nxe5 Qxb5+ 21. Bd3 Bf5 22. Qe2 Bxd3 23. Nxd3 Qxa4 24. Qh5+ Kg8 25. Qxd5+ Kh7 26. Qh5+ 1/2-1/2

[Event "Regionalliga SO 1314"]
[Site "Bayern"]
[Date "2013.10.13"]
[Round "1.3"]
[White "Graf, Christian"]
[Black "Gnegel, Boris Igor"]
[Result "1/2-1/2"]
[WhiteElo "2069"]
[BlackElo "1989"]
[PlyCount "33"]
[EventDate "2013.10.13"]
[EventType "team-tourn"]
[EventRounds "9"]
[EventCountry "GER"]
[SourceTitle "EXT 2015"]
[Source "ChessBase"]
[SourceDate "2014.11.20"]
[SourceVersion "1"]
[SourceVersionDate "2014.11.20"]
[SourceQuality "1"]
[WhiteTeam "Ebersberg Grafing"]
[BlackTeam "Tegernsee"]
[WhiteTeamCountry "GER"]
[BlackTeamCountry "GER"]

1. e4 Nc6 2. Nf3 Nf6 3. e5 Ng4 4. d4 d6 5. h3 Nh6 6. Bxh6 gxh6 7. exd6 Qxd6 8. c3 Bf5 9. Na3 Bg7 10. Nc4 Qf4 11. g3 Qe4+ 12. Ne3 0-0-0 13. Bg2 Qd3 14. Nxf5 Qxf5 15. 0-0 Bf6 16. Qa4 Qa5 17. Qxa5 1/2-1/2

[Event "Bayern-ch"]
[Site "Westerndorf St Peter"]
[Date "2013.08.28"]
[Round "5.10"]
[White "Graf, Christian"]
[Black "Nagy, Laszlo3333"]
[Result "1/2-1/2"]
[WhiteElo "2146"]
[BlackElo "1945"]
[PlyCount "58"]
[EventDate "2013.08.25"]
[EventType "swiss"]
[EventRounds "9"]
[EventCountry "GER"]
[SourceTitle "EXT 2019"]
[Source "ChessBase"]
[SourceDate "2018.10.10"]
[SourceVersion "1"]
[SourceVersionDate "2018.10.10"]
[SourceQuality "1"]

1. e4 c5 2. Nf3 d6 3. Bb5+ Bd7 4. Bxd7+ Qxd7 5. c4 Nc6 6. d4 cxd4 7. Nxd4 g6 8. 0-0 Bg7 9. Be3 Nf6 10. f3 0-0 11. Nc3 Rac8 12. b3 b6 13. Qd2 Qb7 14. Nde2 a6 15. a4 Nd7 16. Bh6 Nc5 17. Bxg7 Kxg7 18. Rab1 Rfd8 19. Rfd1 a5 20. Nd5 f6 21. Nd4 Kf7 22. Qh6 Rh8 23. Nb5 Rcd8 24. Qe3 Rd7 25. Rf1 Kg7 26. f4 Rf8 27. Kh1 e6 28. Ndc3 Qb8 29. Ne2 d5 1/2-1/2

[Event "Regionalliga SO 1213"]
[Site "Bayern"]
[Date "2012.11.25"]
[Round "3.4"]
[White "Jergler, Karl Heinz"]
[Black "Graf, Christian"]
[Result "1-0"]
[WhiteElo "2110"]
[BlackElo "2018"]
[PlyCount "59"]
[EventDate "2012.10.14"]
[EventType "team-tourn"]
[EventRounds "9"]
[EventCountry "GER"]
[SourceTitle "EXT 2015"]
[Source "ChessBase"]
[SourceDate "2014.11.20"]
[SourceVersion "1"]
[SourceVersionDate "2014.11.20"]
[SourceQuality "1"]
[WhiteTeam "Waldkraiburg"]
[BlackTeam "Ebersberg Grafing"]
[WhiteTeamCountry "GER"]
[BlackTeamCountry "GER"]

1. e4 c5 2. c3 d5 3. exd5 Qxd5 4. d4 Nf6 5. Nf3 Bg4 6. Be2 e6 7. h3 Bh5 8. 0-0 Nc6 9. Be3 cxd4 10. cxd4 Be7 11. Nc3 Qd6 12. a3 0-0 13. Qb3 Rfd8 14. Rfd1 a6 15. Rac1 b5 16. d5 exd5 17. g4 Bg6 18. g5 Ne4 19. Nxd5 Na5 20. Qb4 Qxb4 21. axb4 Rxd5 22. Rxd5 Bxb4 23. Rcd1 Be7 24. h4 Bh5 25. Re5 Nc6 26. Rxe4 Bg6 27. Rg4 f5 28. Rg3 f4 29. Bxf4 Bc5 30. Be3 1-0

[Event "Regionalliga SO 1213"]
[Site "Bayern"]
[Date "2012.10.14"]
[Round "1.3"]
[White "Vidonyak, Nellya"]
[Black "Graf, Christian"]
[Result "1/2-1/2"]
[WhiteElo "2043"]
[BlackElo "2018"]
[PlyCount "51"]
[EventDate "2012.10.14"]
[EventType "team-tourn"]
[EventRounds "9"]
[EventCountry "GER"]
[SourceTitle "EXT 2015"]
[Source "ChessBase"]
[SourceDate "2014.11.20"]
[SourceVersion "1"]
[SourceVersionDate "2014.11.20"]
[SourceQuality "1"]
[WhiteTeam "Tegernsee"]
[BlackTeam "Ebersberg Grafing"]
[WhiteTeamCountry "GER"]
[BlackTeamCountry "GER"]

1. b3 e5 2. Bb2 Nc6 3. c4 Nf6 4. Nc3 d5 5. cxd5 Nxd5 6. g3 Nxc3 7. dxc3 Qxd1+ 8. Rxd1 Bd6 9. Bg2 Bd7 10. Nf3 0-0 11. 0-0 Rad8 12. c4 f6 13. Nd2 Be7 14. Nb1 Bg4 15. Nc3 Nd4 16. Bxb7 c6 17. c5 Nxe2+ 18. Nxe2 Bxe2 19. Rxd8 Rxd8 20. Rc1 Bf3 21. Bc3 Bxc5 22. Ba5 Rb8 23. Bxc6 Bxc6 24. Rxc5 Bf3 25. b4 Rb7 26. Rc7 1/2-1/2

[Event "Oberbayern-ch"]
[Site "Weilheim Marnbach"]
[Date "2012.05.??"]
[Round "2.4"]
[White "Finsterwalder, Sebastian"]
[Black "Graf, Christian"]
[Result "1-0"]
[WhiteElo "2066"]
[BlackElo "2146"]
[PlyCount "183"]
[EventDate "2012.05.17"]
[EventType "swiss"]
[EventRounds "7"]
[EventCountry "GER"]
[SourceTitle "EXT 2022"]
[Source "ChessBase"]
[SourceDate "2021.10.06"]
[SourceVersion "1"]
[SourceVersionDate "2021.10.06"]
[SourceQuality "1"]

1. d4 d5 2. c4 c6 3. Nf3 Nf6 4. e3 e6 5. Bd3 Nbd7 6. 0-0 Bd6 7. Nc3 0-0 8. e4 dxc4 9. Bxc4 e5 10. Bg5 Qe7 11. Bb3 exd4 12. Nxd4 Nc5 13. Bc2 Be5 14. f4 Bxd4+ 15. Qxd4 Ne6 16. Qe5 Re8 17. Bxf6 gxf6 18. Qh5 Qc5+ 19. Qxc5 Nxc5 20. Rad1 Bg4 21. Rd6 Rad8 22. Rxd8 Rxd8 23. f5 b5 24. b4 Nd3 25. h3 Nxb4 26. Bb1 Bh5 27. g4 Rd2 28. Rd1 Rxd1+ 29. Nxd1 Bxg4 30. hxg4 Kf8 31. Kf2 a5 32. Nc3 Na6 33. a3 Ke7 34. Ba2 Nc5 35. Ke3 b4 36. axb4 axb4 37. Nd1 b3 38. Bb1 Na4 39. Kd4 Kd6 40. Ne3 Nb6 41. Kc3 Ke5 42. Ng2 Nd7 43. Kxb3 Nc5+ 44. Kc4 Nxe4 45. Bd3 Ng3 46. Kc5 h5 47. gxh5 Nxh5 48. Ne3 Ng3 49. Nc4+ Kf4 50. Nd6 Ke3 51. Bb1 Kf4 52. Kxc6 Ke5 53. Nxf7+ Kf4 54. Nd6 Ke5 55. Kd7 Nh5 56. Ke7 Ng3 57. Bc2 Kd5 58. Ne8 Ke5 59. Ng7 Ne2 60. Kf7 Nd4 61. Bb1 Ne2 62. Nh5 Nd4 63. Kg6 Nc6 64. Nxf6 Ne7+ 65. Kg5 Nxf5 66. Bxf5 Kd4 67. Kf4 Kc3 68. Nd7 Kc4 69. Ne5+ Kc3 70. Ke4 Kc2 71. Kd4+ Kb2 72. Kc4 Ka2 73. Kc3 Ka1 74. Nc4 Ka2 75. Nd2 Ka1 76. Nb3+ Ka2 77. Bd3 Ka3 78. Bb1 Ka4 79. Nd4 Ka3 80. Nb5+ Ka4 81. Kc4 Ka5 82. Kc5 Ka4 83. Bc2+ Ka5 84. Nd6 Ka6 85. Bb3 Ka5 86. Nb7+ Ka6 87. Kc6 Ka7 88. Kc7 Ka6 89. Bc4+ Ka7 90. Nd6 Ka8 91. Bd3 Ka7 92. Nc8+ 1-0

[Event "Oberbayern-ch"]
[Site "Weilheim Marnbach"]
[Date "2012.05.??"]
[Round "3.5"]
[White "Graf, Christian"]
[Black "Schlosser, Andree"]
[Result "1/2-1/2"]
[WhiteElo "2146"]
[BlackElo "2157"]
[PlyCount "35"]
[EventDate "2012.05.17"]
[EventType "swiss"]
[EventRounds "7"]
[EventCountry "GER"]
[SourceTitle "EXT 2022"]
[Source "ChessBase"]
[SourceDate "2021.10.06"]
[SourceVersion "1"]
[SourceVersionDate "2021.10.06"]
[SourceQuality "1"]

1. e4 d6 2. d4 Nf6 3. Nc3 c6 4. Nf3 Bg4 5. Be2 e6 6. 0-0 Be7 7. Re1 0-0 8. h3 Bxf3 9. Bxf3 d5 10. Be3 Nbd7 11. e5 Ne8 12. Ne2 f6 13. Nf4 Nc7 14. exf6 Bxf6 15. Bg4 e5 16. Ne6 Nxe6 17. Bxe6+ Kh8 18. Bxd7 1/2-1/2